03952cam a22003615a 45000010009000000050017000090080041000260200015000670200019000820400029001010820022001301000037001522450098001892600051002873000035003385000024003735040031003975051488004285200890019166500066028066500090028726500068029626500044030306500045030746500053031196500051031726510068032236510079032916530025033709420022033959990017034179520156034341785057220160210113754.0130813s2014 nyua frb f001 0 eng d a052117662X a9780521176620  aDLCbengcDLCdEG-ScBUE 04a355.0218223bCRA1 aCrandall, Russell,d1971-93921910aAmerica's dirty wars :birregular warfare from 1776 to the War on Terror /cRussell Crandall. aNew York :bCambridge University Press,c2014. axiii, 583 p. :bill. ;c24 cm. aIndex : p. 547-583. aBibliography : p. 519-546.8 aMachine generated contents note: 1. Introduction; 2. Irregular warfare 101; Part I. The American Revolution to Chasing Sandino, 1776-1930s: 3. The American Revolution; 4. Confederates and Indians; 5. Intermezzo: the Boer War; 6. America, Aguinaldo, and the Philippines, 1898; 7. Chasing Villa, 1916; 8. A cold winter in Siberia; 9. The Banana Wars, 1898-1930s; 10. Intermezzo: T. E. Lawrence and the Arab Revolt, 1916-18; 11. Chasing Sandino, 1927-32; Part II. The Cold War, 1940s-1989: 12. Cold War counterinsurgencies; 13. Intermezzo: Mao Zedong; 14. Fighting communism in Greece; 15. Intermezzo: France in Algeria, 1954-62; 16. Intermezzo: David Galula; 17. Intermezzo: Malaya emergency, 1948-60; 18. Ramon Magsaysay and the Hukbalahap Rebellion in the Philippines, 1946-56; 19. Vietnam; Part III. Latin America in the Cold War: 20. From Guatemala, 1954, to Cuba and the Bay of Pigs, 1961; 21. Guatemala, post-1963; 22. Cuba, post-1963; 23. Intermezzo: Che Guevara and guerrilla warfare; 24. Carter, Reagan, and the Sandinista Revolution in Nicaragua, 1979-90; 25. El Salvador, 1979-92: Part IV. Post-Cold War: 26. Dirty Wars after the Cold War; 27. Colombia; 28. Iraq; 29. Intermezzo: the Counterinsurgency Field Manual and post-modern insurgencies; 30. Post-9/11 COIN in the Philippines; 31. Intermezzo: Afghanistan, graveyard of empires; 32. The longest war: America in Afghanistan; 33. The fall of Muammar Qaddafi; 34. Intermezzo: JSOC raids and drone strikes; 35. Conclusion. a"This book examines the long, complex experience of American involvement in irregular warfare. It begins with the American Revolution in 1776 and chronicles big and small irregular wars for the next two and a half centuries, ending with the recent conflicts in Iraq and Afghanistan. Russell Crandall describes the various ways that American political and military leaders have conducted these often poorly understood, publicly neglected, or intensely controversial conflicts. Contrary to what is often assumed, Crandall argues that the United States tends to win its dirty wars, but that this at times comes at the expense of its moral self-image in these inherently murky conflicts. This exploration of America's dirty wars is interspersed with short intermezzi chapters that chronicle the experiences of the same time period of other global powers such as Great Britain and France"-- 7aIrregular warfarezUnited StatesvCase studies.2BUEsh939228 7aIntervention (International law) xGovernment policy zUnited States.2BUEsh939229 7aCounterinsurgencyzUnited States vCase studies.2BUEsh939231 7aInsurgencyvCase studies.2BUEsh939232 7aAtrocities vCase studies.2BUEsh939233 7aStrategic culture zUnited States.2BUEsh939234 7aHistory2BUEsh939235zUnited StatesxGeneral. 0aUnited States xHistory, Military vCase studies.2BUEsh939236 0aUnited States xMilitary policy xMoral and ethical aspects.2BUEsh939238 bBUSBOLcFebruary2016 2ddck355.0218 CRA c21123d21095 00102ddc40708AlahramaMAINbMAINc1STd2016-02-02ePurchaseg364.00h5l4m29o355.0218 CRAp000031479r2025-07-15 00:00:00s2022-11-22v455.00yBB